Digitálne euro je otázkou času - Prinesie výhody alebo obmedzenia?

O zavedení digitálnej meny, ktorá bude centralizovaná, sa polemizuje už dlhšie. Rast hodnoty bitcoinu, získava spolu s ďalšími kryptomenami v posledných týždňoch opäť na obľube a robí túto otázku oveľa pálčivejšou.

Uložené v:
Podrobná bibliografia
Hlavný autor: Lacenová, Olívia
Médium: Kapitola
Jazyk:Slovak
Predmet:
Tagy: Pridať tag
Žiadne tagy, Buďte prvý, kto otaguje tento záznam!

MARC

LEADER 00000naa a2200000 4500
001 0273752
005 20210819094113.9
041 0 |a slo 
044 |a SK 
245 1 0 |a Digitálne euro je otázkou času - Prinesie výhody alebo obmedzenia?  |c Olívia Lacenová 
520 |a O zavedení digitálnej meny, ktorá bude centralizovaná, sa polemizuje už dlhšie. Rast hodnoty bitcoinu, získava spolu s ďalšími kryptomenami v posledných týždňoch opäť na obľube a robí túto otázku oveľa pálčivejšou. 
610 2 0 |a euro 
610 2 0 |a digitalizácia 
610 2 0 |a centralizácia 
610 2 0 |a mena virtuálna 
100 1 |a Lacenová, Olívia